Catalog

Record Details

Catalog Search



The spook in the stacks  Cover Image CD Audiobook CD Audiobook

The spook in the stacks / Eva Gates.

Gates, Eva, 1951- (author.). Arsenault, Elise, (narrator.).

Summary:

Halloween in North Carolina's Outer Banks becomes seriously tricky when librarian Lucy Richardson stumbles across something extra unusual in the rare books section: a dead body.

Record details

  • ISBN: 9781538557396
  • ISBN: 1538557398
  • Physical Description: 8 audio discs (approximately 9 hr.) : CD audio, digital ; 4 3/4 in.
  • Edition: Unabridged.
  • Publisher: [Ashland, OR] : Blackstone Audio, Inc., ©2018.

Content descriptions

General Note:
Title from web page.
Compact discs.
Participant or Performer Note:
Read by Elise Arsenault.
Subject: Bodie Island Lighthouse (N.C.) > Fiction.
Librarians > Fiction.
Halloween > Fiction.
Murder > Fiction.
Outer Banks (N.C.) > Fiction.
Genre: Detective and mystery fiction.
Audiobooks.

LDR 01844nim a2200493Ki 4500
001147945
003CONS
00520180806073831.0
007sd fungnnmmneu
008180514s2018 orunnnn f n eng d
020 . ‡a9781538557396
020 . ‡a1538557398
035 . ‡a(CPomAG)LMN607688
043 . ‡an-us-nc
050 4. ‡aPR9199.4.D454 ‡bS66 2018ab
08204. ‡a813.6 ‡223
1001 . ‡aGates, Eva, ‡d1951- ‡eauthor.
24514. ‡aThe spook in the stacks / ‡cEva Gates.
250 . ‡aUnabridged.
264 1. ‡a[Ashland, OR] : ‡bBlackstone Audio, Inc., ‡c©2018.
300 . ‡a8 audio discs (approximately 9 hr.) : ‡bCD audio, digital ; ‡c4 3/4 in.
306 . ‡a090000
336 . ‡aspoken word ‡bspw ‡2rdacontent
337 . ‡aaudio ‡bs ‡2rdamedia
338 . ‡aaudio disc ‡bsd ‡2rdacarrier
344 . ‡adigital ‡2rda
347 . ‡aaudio file ‡bCD audio ‡2rda
4901 . ‡aA lighthouse library mystery ; ‡v4.
500 . ‡aTitle from web page.
500 . ‡aCompact discs.
5110 . ‡aRead by Elise Arsenault.
520 . ‡aHalloween in North Carolina's Outer Banks becomes seriously tricky when librarian Lucy Richardson stumbles across something extra unusual in the rare books section: a dead body.
61020. ‡aBodie Island Lighthouse (N.C.) ‡vFiction.
650 0. ‡aLibrarians ‡vFiction.
650 0. ‡aHalloween ‡vFiction.
650 0. ‡aMurder ‡vFiction.
651 0. ‡aOuter Banks (N.C.) ‡vFiction.
655 7. ‡aDetective and mystery fiction. ‡2lcgft
655 7. ‡aAudiobooks. ‡2lcgft
7001 . ‡aArsenault, Elise, ‡enarrator.
8001 . ‡aGates, Eva, ‡d1951- ‡tLighthouse library mystery. ‡sSpoken word ; ‡v4.
914 . ‡aSCP_kt
959 . ‡i32269001072811 ‡lBK/CD Gat ‡aAdult - Audiobook ‡tAudiobook ‡g35.00 ‡dVerify 8 discs.
852 . ‡p32269001072811 ‡jBK/CD Gat ‡gAdult - Audiobook ‡cAudiobook ‡y35.00 ‡bSBPL
901 . ‡a147945 ‡bUnknown ‡c147945 ‡tbiblio

Additional Resources